00893cam a22002297a 4500003000500000005001700005008004100022010001000063011001000073020001500083035001100098040000900109100003200118245011100150260008700261300001100348490010400359650002600463650003300489651003700522830010400559CHAP20220329142918.0050215d2004 mx r 00110 spa d a89556 a90528 a0706711635 a101084 cCHAP00aGonzález Oropeza, Manuel.10aPrincipios constitucionales de las elecciones en las entidades federativasc/por Manuel González Oropeza aMéxico, D. F. :bTribuna Electoral del Poder Judicial de la Federación,c2004. a102 p. 0aColección de cuadernos de divulgación sobre aspectos doctrinarios de la justicia electoralv; 514aEleccionesxMéxico.14aSistema electoralxMéxico. 4aMéxicoxPolítica y gobierno.00aColección de cuadernos de divulgación sobre aspectos doctrinarios de la justicia electoralv; 5